Taparahi
Gardado en:
| Autor Principal: | |
|---|---|
| Formato: | Libro |
| Idioma: | Lingua rapanui Lingua castelá |
| Publicado: |
Valparaíso
Taller de Escritores Rapa Nui
1985
|
| Edición: | 1a. ed |
| Subjects: | |
| Tags: |
Engadir etiqueta
Sen Etiquetas, Sexa o primeiro en etiquetar este rexistro!
|
MARC
| LEADER | 00000nam a2200000 a 4500 | ||
|---|---|---|---|
| 001 | UCG3762 | ||
| 003 | CL-VaPUC | ||
| 008 | 100916e19851100cl |||||||||||||||||rap|d | ||
| 041 | 0 | 7 | |a rap |2 CL-VaPUC |
| 041 | 0 | 7 | |a spa |2 CL-VaPUC |
| 082 | 0 | 4 | |a 918.3 |b CAR |2 21 |
| 100 | 0 | |a Cardinali, Samuel |e author |9 553044 | |
| 245 | 1 | 0 | |a Taparahi |
| 250 | |a 1a. ed | ||
| 300 | |a 43 p | ||
| 942 | |c BK | ||
| 945 | |d 20100916 00:00:00 |a dcastane | ||
| 260 | |a Valparaíso |b Taller de Escritores Rapa Nui |c 1985 | ||
| 650 | 7 | |a LITERATURA RAPA NUI |2 CL-VaPUC |9 505266 | |
| 650 | 7 | |a CUENTO RAPA NUI |2 CL-VaPUC |9 505267 | |
| 650 | 7 | |a MITOLOGIA RAPA NUI |2 CL-VaPUC |9 505268 | |
| 651 | 0 | |a Rapa Nui (Isla de Pascua) |9 496097 | |
| 651 | 7 | |a CHILE |2 CL-VaPUC |9 553045 | |
| 583 | |a last modification |c 20171214 01:11:06 |k Rodrigo Vera | ||
| 999 | |c 342764 |d 342762 | ||
| 952 | |0 0 |1 0 |4 0 |6 918_300000000000000_CAR_1985 |7 0 |8 X |9 439265 |a FDOBUD |b FDOBUD |d 2019-11-22 |i 4711173 |o 918.3 CAR 1985 |p 4711173 |r 2019-11-22 |w 2019-11-22 |y BK_X |k BUD | ||